Équilibres de Cournot-Walras dans une économie d'échange.

Pojem Cournot-Walrasovej rovnováhy v ekonomike. Pôsobenie trhových mechanizmov. Závislosť i protirečivosť záujmov ekonomiky obchodu a ekonomiky výroby. Konkurenčný boj. Dôsledky pôsobenia jednoduchého cenového systému na trhu. Cenová kontrola.

Gespeichert in:
Bibliographische Detailangaben
1. Verfasser: Codognato, G.
Weitere Verfasser: Gabszewicz, J.
Format: Buchkapitel
Sprache:Französisch
Schlagworte:
Tags: Tag hinzufügen
Keine Tags, Fügen Sie das erste Tag hinzu!

MARC

LEADER 00000naa a2200000 4500
001 r009397
005 20221125091711.4
041 0 |a fre 
044 |a FR 
245 1 0 |a Équilibres de Cournot-Walras dans une économie d'échange.  |c G. Codognato, J. Gabszewicz 
520 |a Pojem Cournot-Walrasovej rovnováhy v ekonomike. Pôsobenie trhových mechanizmov. Závislosť i protirečivosť záujmov ekonomiky obchodu a ekonomiky výroby. Konkurenčný boj. Dôsledky pôsobenia jednoduchého cenového systému na trhu. Cenová kontrola. 
610 2 0 |a rovnováha hospodárska 
610 2 0 |a Cournot, A. 
610 2 0 |a Walras, L. 
610 2 0 |a obchod 
610 2 0 |a mechanizmus trhový 
610 2 0 |a výroba 
610 2 0 |a konkurencia 
610 2 0 |a sústava cenová 
610 2 0 |a kontrola cenová 
610 2 0 |a metódy ekonomicko-matematické 
100 1 |a Codognato, G. 
700 1 |a Gabszewicz, J.